<?xml version="1.0" encoding="UTF-8"?>
<marc:record xmlns:marc="http://www.loc.gov/MARC21/slim" type="Bibliographic">
   <marc:leader>00000pam a2200000 c 4500</marc:leader>
   <marc:controlfield tag="001">964362481</marc:controlfield>
   <marc:controlfield tag="003">DE-101</marc:controlfield>
   <marc:controlfield tag="005">20171203124220.0</marc:controlfield>
   <marc:controlfield tag="007">tu</marc:controlfield>
   <marc:controlfield tag="008">020506s2002    gw ||||| |||| 00||||ger  </marc:controlfield>
   <marc:datafield ind1=" " ind2=" " tag="015">
      <marc:subfield code="a">02,A30,0387</marc:subfield>
      <marc:subfield code="z">02,N22,0156</marc:subfield>
      <marc:subfield code="2">dnb</marc:subfield>
   </marc:datafield>
   <marc:datafield ind1="7" ind2=" " tag="016">
      <marc:subfield code="2">DE-101</marc:subfield>
      <marc:subfield code="a">964362481</marc:subfield>
   </marc:datafield>
   <marc:datafield ind1=" " ind2=" " tag="020">
      <marc:subfield code="a">9783897228979</marc:subfield>
      <marc:subfield code="c">kart. : EUR 12.70 (DE), EUR 13.10 (AT), sfr 23.10</marc:subfield>
      <marc:subfield code="9">978-3-89722-897-9</marc:subfield>
   </marc:datafield>
   <marc:datafield ind1=" " ind2=" " tag="020">
      <marc:subfield code="a">3897228971</marc:subfield>
      <marc:subfield code="c">kart. : EUR 12.70 (DE), EUR 13.10 (AT), sfr 23.10</marc:subfield>
      <marc:subfield code="9">3-89722-897-1</marc:subfield>
   </marc:datafield>
   <marc:datafield ind1=" " ind2=" " tag="035">
      <marc:subfield code="a">(DE-599)DNB964362481</marc:subfield>
   </marc:datafield>
   <marc:datafield ind1=" " ind2=" " tag="035">
      <marc:subfield code="a">(OCoLC)248543296</marc:subfield>
   </marc:datafield>
   <marc:datafield ind1=" " ind2=" " tag="040">
      <marc:subfield code="a">1140</marc:subfield>
      <marc:subfield code="b">ger</marc:subfield>
      <marc:subfield code="c">DE-101</marc:subfield>
      <marc:subfield code="d">9999</marc:subfield>
   </marc:datafield>
   <marc:datafield ind1=" " ind2=" " tag="041">
      <marc:subfield code="a">ger</marc:subfield>
   </marc:datafield>
   <marc:datafield ind1=" " ind2=" " tag="044">
      <marc:subfield code="c">XA-DE</marc:subfield>
   </marc:datafield>
   <marc:datafield ind1=" " ind2=" " tag="084">
      <marc:subfield code="a">14</marc:subfield>
      <marc:subfield code="a">18</marc:subfield>
      <marc:subfield code="a">22</marc:subfield>
      <marc:subfield code="a">11</marc:subfield>
      <marc:subfield code="a">300</marc:subfield>
      <marc:subfield code="a">360</marc:subfield>
      <marc:subfield code="q">DE-101</marc:subfield>
      <marc:subfield code="2">sdnb</marc:subfield>
   </marc:datafield>
   <marc:datafield ind1=" " ind2=" " tag="084">
      <marc:subfield code="a">9.5c</marc:subfield>
      <marc:subfield code="a">9.4a</marc:subfield>
      <marc:subfield code="a">9.3c</marc:subfield>
      <marc:subfield code="a">5.3</marc:subfield>
      <marc:subfield code="q">DE-101</marc:subfield>
      <marc:subfield code="2">sswd</marc:subfield>
   </marc:datafield>
   <marc:datafield ind1=" " ind2=" " tag="090">
      <marc:subfield code="a">b</marc:subfield>
   </marc:datafield>
   <marc:datafield ind1="1" ind2=" " tag="100">
      <marc:subfield code="0">(DE-588)139352511</marc:subfield>
      <marc:subfield code="0">http://d-nb.info/gnd/139352511</marc:subfield>
      <marc:subfield code="0">(DE-101)139352511</marc:subfield>
      <marc:subfield code="a">Wagner-Willi, Monika</marc:subfield>
      <marc:subfield code="d">1962-</marc:subfield>
      <marc:subfield code="e">Verfasser</marc:subfield>
      <marc:subfield code="4">aut</marc:subfield>
   </marc:datafield>
   <marc:datafield ind1="0" ind2="0" tag="245">
      <marc:subfield code="a">Verlaufskurve "Behinderung"</marc:subfield>
      <marc:subfield code="b">Gruppendiskussionen mit Beschäftigten einer "Werkstatt für Behinderte"</marc:subfield>
      <marc:subfield code="c">Monika Wagner-Willi</marc:subfield>
   </marc:datafield>
   <marc:datafield ind1=" " ind2="1" tag="264">
      <marc:subfield code="a">Berlin</marc:subfield>
      <marc:subfield code="b">Logos-Verl.</marc:subfield>
      <marc:subfield code="c">2002</marc:subfield>
   </marc:datafield>
   <marc:datafield ind1=" " ind2=" " tag="300">
      <marc:subfield code="a">167 S.</marc:subfield>
      <marc:subfield code="c">21 cm</marc:subfield>
   </marc:datafield>
   <marc:datafield ind1=" " ind2=" " tag="336">
      <marc:subfield code="a">Text</marc:subfield>
      <marc:subfield code="b">txt</marc:subfield>
      <marc:subfield code="2">rdacontent</marc:subfield>
   </marc:datafield>
   <marc:datafield ind1=" " ind2=" " tag="337">
      <marc:subfield code="a">ohne Hilfsmittel zu benutzen</marc:subfield>
      <marc:subfield code="b">n</marc:subfield>
      <marc:subfield code="2">rdamedia</marc:subfield>
   </marc:datafield>
   <marc:datafield ind1=" " ind2=" " tag="338">
      <marc:subfield code="a">Band</marc:subfield>
      <marc:subfield code="b">nc</marc:subfield>
      <marc:subfield code="2">rdacarrier</marc:subfield>
   </marc:datafield>
   <marc:datafield ind1="1" ind2=" " tag="490">
      <marc:subfield code="a">Berliner Arbeiten zur Erziehungs- und Kulturwissenschaft</marc:subfield>
      <marc:subfield code="v">Bd. 9</marc:subfield>
   </marc:datafield>
   <marc:datafield ind1=" " ind2=" " tag="500">
      <marc:subfield code="a">Literaturverz. S. 161 - 167</marc:subfield>
   </marc:datafield>
   <marc:datafield ind1=" " ind2="7" tag="650">
      <marc:subfield code="0">(DE-588)4006005-6</marc:subfield>
      <marc:subfield code="0">http://d-nb.info/gnd/4006005-6</marc:subfield>
      <marc:subfield code="0">(DE-101)040060055</marc:subfield>
      <marc:subfield code="a">Werkstatt für Behinderte</marc:subfield>
      <marc:subfield code="2">gnd</marc:subfield>
   </marc:datafield>
   <marc:datafield ind1=" " ind2="7" tag="650">
      <marc:subfield code="0">(DE-588)4158439-9</marc:subfield>
      <marc:subfield code="0">http://d-nb.info/gnd/4158439-9</marc:subfield>
      <marc:subfield code="0">(DE-101)041584392</marc:subfield>
      <marc:subfield code="a">Gruppendiskussion</marc:subfield>
      <marc:subfield code="2">gnd</marc:subfield>
   </marc:datafield>
   <marc:datafield ind1=" " ind2="7" tag="650">
      <marc:subfield code="0">(DE-588)4388633-4</marc:subfield>
      <marc:subfield code="0">http://d-nb.info/gnd/4388633-4</marc:subfield>
      <marc:subfield code="0">(DE-101)945731582</marc:subfield>
      <marc:subfield code="a">Erfahrungswissen</marc:subfield>
      <marc:subfield code="2">gnd</marc:subfield>
   </marc:datafield>
   <marc:datafield ind1=" " ind2="7" tag="650">
      <marc:subfield code="0">(DE-588)4031889-8</marc:subfield>
      <marc:subfield code="0">http://d-nb.info/gnd/4031889-8</marc:subfield>
      <marc:subfield code="0">(DE-101)040318893</marc:subfield>
      <marc:subfield code="a">Kommunikative Kompetenz</marc:subfield>
      <marc:subfield code="2">gnd</marc:subfield>
   </marc:datafield>
   <marc:datafield ind1="0" ind2="0" tag="689">
      <marc:subfield code="0">(DE-588)4006005-6</marc:subfield>
      <marc:subfield code="0">http://d-nb.info/gnd/4006005-6</marc:subfield>
      <marc:subfield code="0">(DE-101)040060055</marc:subfield>
      <marc:subfield code="D">s</marc:subfield>
      <marc:subfield code="a">Werkstatt für Behinderte</marc:subfield>
   </marc:datafield>
   <marc:datafield ind1="0" ind2="1" tag="689">
      <marc:subfield code="0">(DE-588)4158439-9</marc:subfield>
      <marc:subfield code="0">http://d-nb.info/gnd/4158439-9</marc:subfield>
      <marc:subfield code="0">(DE-101)041584392</marc:subfield>
      <marc:subfield code="D">s</marc:subfield>
      <marc:subfield code="a">Gruppendiskussion</marc:subfield>
   </marc:datafield>
   <marc:datafield ind1="0" ind2="2" tag="689">
      <marc:subfield code="0">(DE-588)4388633-4</marc:subfield>
      <marc:subfield code="0">http://d-nb.info/gnd/4388633-4</marc:subfield>
      <marc:subfield code="0">(DE-101)945731582</marc:subfield>
      <marc:subfield code="D">s</marc:subfield>
      <marc:subfield code="a">Erfahrungswissen</marc:subfield>
   </marc:datafield>
   <marc:datafield ind1="0" ind2="3" tag="689">
      <marc:subfield code="0">(DE-588)4031889-8</marc:subfield>
      <marc:subfield code="0">http://d-nb.info/gnd/4031889-8</marc:subfield>
      <marc:subfield code="0">(DE-101)040318893</marc:subfield>
      <marc:subfield code="D">s</marc:subfield>
      <marc:subfield code="a">Kommunikative Kompetenz</marc:subfield>
   </marc:datafield>
   <marc:datafield ind1="0" ind2=" " tag="689">
      <marc:subfield code="5">DE-101</marc:subfield>
      <marc:subfield code="5">DE-101</marc:subfield>
   </marc:datafield>
   <marc:datafield ind1=" " ind2="0" tag="830">
      <marc:subfield code="a">Berliner Arbeiten zur Erziehungs- und Kulturwissenschaft</marc:subfield>
      <marc:subfield code="v">Bd. 9</marc:subfield>
      <marc:subfield code="w">(DE-101)025899988</marc:subfield>
      <marc:subfield code="w">(DE-600)2143443-8</marc:subfield>
      <marc:subfield code="9">19</marc:subfield>
      <marc:subfield code="7">as</marc:subfield>
   </marc:datafield>
   <marc:datafield ind1=" " ind2=" " tag="850">
      <marc:subfield code="a">DE-101a</marc:subfield>
      <marc:subfield code="a">DE-101b</marc:subfield>
   </marc:datafield>
   <marc:datafield ind1="r" ind2=" " tag="925">
      <marc:subfield code="a">ra</marc:subfield>
   </marc:datafield>
</marc:record>
